| 000 | 00355nam a2200145Ia 4500 | ||
|---|---|---|---|
| 008 | 230917s9999||||xx |||||||||||||| ||und|| | ||
| 040 |
_e201988 _aMAIN |
||
| 041 | _aEnglish | ||
| 082 | _a587 J663T | ||
| 100 | _aJohri, R M | ||
| 245 | 0 | _aTextbook of pteridophyta | |
| 260 |
_aNew Delhi _bDominant Publishers _c2012 |
||
| 300 | _av, 267 p. | ||
| 942 | _cBK | ||
| 999 |
_c171401 _d171401 |
||